Normal view
MARC view
Entry Personal Name
001 - CONTROL NUMBER
- control field: 47373
003 - CONTROL NUMBER IDENTIFIER
- control field: ARRUPE
005 - DATE AND TIME OF LATEST TRANSACTION
- control field: 20190722103602.0
008 - FIXED-LENGTH DATA ELEMENTS
- fixed length control field: 190722|| aca||aabn | a|a d
040 ## - CATALOGING SOURCE
- Original cataloging agency: ARRUPE
- Transcribing agency: ARRUPE
100 ## - HEADING--PERSONAL NAME
- Personal name: Wamala, E. ...(et al.) (eds.)
670 ## - SOURCE DATA FOUND
- Source citation: Work cat.: (ARRUPE)93188: Social reconstruction in Africa, 1999